<?xml version="1.0" encoding="UTF-8"?>
<marc:record xmlns:marc="http://www.loc.gov/MARC21/slim">
   <marc:leader>00000nam a2200000 a 4500</marc:leader>
   <marc:datafield ind1="1" ind2=" " tag="100">
      <marc:subfield code="a">Dollinger, Paul</marc:subfield>
      <marc:subfield code="4">ctb</marc:subfield>
      <marc:subfield code="e">Mitwirkende/-r</marc:subfield>
   </marc:datafield>
   <marc:datafield ind1="1" ind2=" " tag="100">
      <marc:subfield code="a">Schmid, Gerhard</marc:subfield>
      <marc:subfield code="4">ctb</marc:subfield>
      <marc:subfield code="e">Mitwirkende/-r</marc:subfield>
   </marc:datafield>
   <marc:datafield ind1=" " ind2=" " tag="653">
      <marc:subfield code="a">Wildbret</marc:subfield>
   </marc:datafield>
   <marc:datafield ind1=" " ind2=" " tag="653">
      <marc:subfield code="a">Trinken/Themenkochbücher</marc:subfield>
   </marc:datafield>
   <marc:datafield ind1=" " ind2=" " tag="653">
      <marc:subfield code="a">Kochbuch</marc:subfield>
   </marc:datafield>
   <marc:datafield ind1="0" ind2="0" tag="245">
      <marc:subfield code="a">Einfach Wild</marc:subfield>
   </marc:datafield>
   <marc:datafield ind1="0" ind2="0" tag="245">
      <marc:subfield code="b">die moderne Wildküche</marc:subfield>
   </marc:datafield>
   <marc:datafield ind1="0" ind2="0" tag="245">
      <marc:subfield code="c">Paul Dollinger ... Mit Bildern von Gerhard Schmid und Georg Egger. Hrsg. in Zusammenarbeit mit dem Tiroler Jägerverband</marc:subfield>
   </marc:datafield>
   <marc:datafield ind1=" " ind2="1" tag="264">
      <marc:subfield code="a">Innsbruck</marc:subfield>
      <marc:subfield code="b">Tyrolia-Verl.</marc:subfield>
      <marc:subfield code="c">2008</marc:subfield>
   </marc:datafield>
   <marc:datafield ind1="1" ind2=" " tag="520">
      <marc:subfield code="a">Angaben aus der Verlagsmeldung

Einfach Wild : Die moderne Wildküche / von Paul Dollinger, Trixi Frenzl, Peter Kojat-Hölbling, Rudolf Pittl

Wildbret aus heimischen Wäldern überraschend präsentiert.

Carpaccio und Piccata, Paella und Pizza: dieses Kochbuch bietet neben Hirschleber, Hasenrücken &amp; Co. neue Rezepte, die moderner Lebensart entsprechen und in dieser Form für Wildfleisch und Wildfleischprodukte noch nie angedacht wurden. Es entstand aus der Zusammenarbeit des Tiroler Jägerverbandes mit drei führenden Tourismusschulen in Tirol mit dem Ziel, für das qualitätsvolle heimische Wildfleisch innovative Verwertungsmöglichkeiten anzubieten.
Nach einer Einführung in die Jagdkultur und in die Verarbeitung der heimischen Wildarten werden rund 40 Rezepte geboten: kalten Vorspeisen und Suppen, warme Vorspeisen bzw. Zwischengerichte, Hauptspeisen und Nachspeisen. Ernährungsphysiologie zum Wildbret, Getränkeempfehlungen, ein Glossar und die wich-tigsten Begriffe auf Englisch, Französisch, Italienisch und Russisch runden das Buch ab.
Die ganzseitigen Speiseabbildungen stammen Gerhard Schmid und Georg Egger von smart-design, die u. a. die Food-Libary der Fine-dining-Restaurants der Hotelkette Le Meridien in Dubai ins Bild gesetzt haben.
</marc:subfield>
   </marc:datafield>
   <marc:datafield ind1=" " ind2=" " tag="020">
      <marc:subfield code="a">9783702229788</marc:subfield>
      <marc:subfield code="9">9783702229788</marc:subfield>
   </marc:datafield>
   <marc:datafield ind1=" " ind2=" " tag="041">
      <marc:subfield code="a">ger</marc:subfield>
   </marc:datafield>
   <marc:datafield ind1=" " ind2=" " tag="300">
      <marc:subfield code="a">133 S.</marc:subfield>
   </marc:datafield>
</marc:record>
